000 00849nam a22001937a 4500
008 100228s2002 mau|||||r|||| 001 0 eng d
020 _a9780632064021
082 _222
_a692
_bCON
245 _aConstruction Management in Practice /
_cRichard Fellows ... [et al.]
250 _a2nd ed.
260 _aMalden, MA :
_bBlackwell Science, 2002
_c2002
300 _a378 p.:
_bill.;
_c24 cm.
504 _aIncludes bibliographical references and index.
650 _911663
_aConstruction industry
_xManagement.
700 _911987
_aFellows, Richard
942 _2ddc
_cNB
999 _c13530
_d13530